000 01059nam a22003137a 4500
003 CHAP
005 20220817043312.0
008 971013s1969 r 00010 d
010 _a71164
011 _a72136
035 _a81690
040 _cCHAP
082 _a339.38
_bB35
110 _aBanco de México. Departamento de Estudios Económicos
_99833
245 _aCuentas nacionales y acervos de capital, consolidadas y por tipo de actividad económica, 1950-1967
260 _aMéxico, D. F. :
_bEl Banco,
_c1969
300 _as.p.
590 _aBATCH-UPD
_b10
_c20130110
_lUCH01
_h0918
590 _aBATCH-UPD
_b10
_c20130410
_lUCH01
_h0541
590 _aBATCH-UPD
_b10
_c20130914
_lUCH01
_h0527
590 _aCONVERSION
_b10
_c20130109
_lUCH01
_h1339
650 1 4 _aBalanza de pagos
_zMéxico.
_99613
650 1 4 _aDesarrollo económico.
650 1 4 _aIngresos
_xContabilidad
_zMéxico.
_958391
650 1 4 _aMéxico
_xCondiciones económicas.
901 _aBK
942 _cLIBRO
949 _a339.38 B35
_bBC
_cLIBRO
_d33724000380119
_eLIBRO
_h13290
_i81690
_si
999 _c71164
_d71164